000 00783nam a2200229 i 4500
001 22290
003 ES-MaACL
005 20240423185226.0
007 t|
008 021202s1973 sp ||||1| spa d
100 0 _aDante Alighieri,
_d1265-1321
_942657
245 1 0 _aComedia.
_nI,
_pInfierno /
_cDante Alighieri ; texto original y traducción, prólogo y notas de Ángel Crespo.
246 3 _aInfierno
250 _a1ª ed.
260 _aBarcelona :
_bSeix Barral,
_c1973.
300 _a1 v. (XXXV, 402 p.) ;
_c20 cm.
490 1 _aBiblioteca breve de bolsillo. Serie mayor ;
_v14
700 1 _aCrespo, Ángel,
_d1926-1995
_941513
830 1 _aBiblioteca breve de bolsillo. Serie mayor ;
_v14
_9181997
852 _aES-MaACL
_jC-55304
999 _c22290
_d22290